000 00263nam a22001217a 4500
008 170511b xxu||||| |||| 00| 0 eng d
041 _aeng
080 _a342
100 _a15
101 _aSHJ
245 _aADMINISTRATIVE LAW TEXT
_cDAVIS, K.C
942 _2udc
_cBK
999 _c13196
_d13196